| 000 | 01134nam a22003137i 4500 | ||
|---|---|---|---|
| 003 | DO-SdBNP | ||
| 005 | 20240722142908.0 | ||
| 007 | ta | ||
| 008 | 110119s2024 dr c 000 0 spa d | ||
| 020 | _a9789945583649 | ||
| 040 |
_aDO-SdBNP _bspa _cBNPHU _erda |
||
| 082 | 4 |
_a101 _bA795s, 2014 _222 |
|
| 100 | 1 |
_aArvelo, Alejandro, _d1959- _925165 _eautor |
|
| 245 | 1 | 0 |
_aSi quieres filosofar ... / _cAlejandro Arvelo ; prólogo, Dustin Muñoz ; cuidado técnico, Samuel Machuca ; epílogo, Rafael Morla |
| 250 | _aSexta edición | ||
| 264 |
_aSanto Domingo : _bDelfos Consultores, _c2024. |
||
| 300 |
_a340 páginas ; _c22 cm. |
||
| 336 |
_2rdacontent _atexto _btxt |
||
| 337 |
_2rdamedia _asin mediación _bn |
||
| 338 |
_2rdacarrier _avolumen _bnc |
||
| 500 | _aIncluye datos bibliografícos del autor en la solapa de la cubierta | ||
| 590 | _aInventariado, 2024/BT | ||
| 650 | 4 |
_aFilosofía _xEnsayos, conferencias, etc. _933791 |
|
| 700 | 1 |
_aMuñoz, Dustin, _eprólogo _933792 |
|
| 700 | 1 |
_aMachuca, Samuel, _etécnico de edición _986149 |
|
| 700 | 1 |
_aMorla, Rafael, _eepílogo _933792 |
|
| 910 | _aBtavárez | ||
| 942 |
_2ddc _cLBS1 |
||
| 999 |
_c57328 _d57328 |
||